Dogs by Picture - Statistics

General Stats
  • This quiz has been taken 949 times
    929 since last reset
  • The average score is 12 of 17
Answer Stats
Picture Answer % Correct
Husky
95%
German Shepherd
94%
Poodle
87%
Corgi
86%
Labrador Retriever
86%
Pug
86%
Beagle
83%
Bulldog
82%
Rottweiler
82%
Doberman
77%
Border Collie
67%
Great Dane
66%
Greyhound
65%
Cocker Spaniel
60%
Yorkie
60%
Jack Russell
30%
Maltese
29%
No matching quizzes found
Score Distribution
Percent of People with Each Score
Percentile by Number Answered
Your Score History
You have not taken this quiz since the last reset